Flow through open channels (Record no. 11092)

000 -LEADER
fixed length control field 00492nam a22001937a 4500
001 - CONTROL NUMBER
control field 11092
003 - CONTROL NUMBER IDENTIFIER
control field BD-DhUET
008 - FIXED-LENGTH DATA ELEMENTS--GENERAL INFORMATION
fixed length control field 150214b xxu||||| |||| 00| 0 eng d
040 ## - CATALOGING SOURCE
Original cataloging agency DLC
Transcribing agency DLC
Modifying agency BD-DhUET
082 ## - DEWEY DECIMAL CLASSIFICATION NUMBER
Classification number 627.01
Item number RAJ/1981
100 ## - MAIN ENTRY--PERSONAL NAME
Personal name Raju, K G Ranga
245 ## - TITLE STATEMENT
Title Flow through open channels
250 ## - EDITION STATEMENT
Edition statement Ist ed.
260 ## - PUBLICATION, DISTRIBUTION, ETC. (IMPRINT)
Place of publication, distribution, etc. New Delhi
Name of publisher, distributor, etc. Tata Mcgraw Hill
Date of publication, distribution, etc. 1981
300 ## - PHYSICAL DESCRIPTION
Extent x, 330p.
Other physical details illus.
504 ## - BIBLIOGRAPHY, ETC. NOTE
Bibliography, etc Includes bibliographies
650 #0 - SUBJECT ADDED ENTRY--TOPICAL TERM
Topical term or geographic name as entry element Open channel flow
942 ## - ADDED ENTRY ELEMENTS (KOHA)
Koha item type General Book
Holdings
Location (home branch) Shelving location Koha item type Withdrawn status Koha full call number Source of classification or shelving scheme Date acquired Copy number Koha issues (times borrowed) Piece designation (barcode) Not for loan Lost status Sublocation or collection (holding branch) Koha date last borrowed Koha normalized classification for sorting Price effective from Koha date last seen Damaged status
Central Library, BUETCirculation sectionGeneral Book 627.01/RAJ/1981 2015-02-141 57607  Central Library, BUET 627_010000000000000_RAJ_19812015-02-142017-05-27 
Central Library, BUETCirculation sectionGeneral Book 627.01/RAJ/1981 2015-02-232 56714  Central Library, BUET 627_010000000000000_RAJ_19812015-02-232015-02-23 
Central Library, BUETCirculation sectionGeneral Book 627.01/RAJ/1981 2015-02-233156715  Central Library, BUET2018-01-27627_010000000000000_RAJ_19812015-02-232018-02-03 
Central Library, BUETCirculation sectionGeneral Book 627.01/RAJ/1981 2015-02-234177612  Central Library, BUET2018-07-17627_010000000000000_RAJ_19812015-02-232025-04-22